[Event "CZE-chT2 9697"]
[Site "CZE"]
[Date "1997.??.??"]
[Round "?"]
[White "Cech, Pavel"]
[Black "Tupy, Martin"]
[Result "1-0"]
[WhiteElo "2330"]
[BlackElo "2215"]

1.d4 Nf6 2.Bg5 Ne4 3.h4 c5 4.d5 Qb6 5.Nd2 Nxd2 6.Bxd2 d6 7.Bc3 e5 8.e4 Be7
9.Ne2 Nd7 10.Ng3 Nf6 11.h5 h6 12.Be2 Bd7 13.O-O Qc7 14.f4 exf4 15.Rxf4 O-O-O
16.Qf1 Rde8 17.Rd1 Rhg8 18.Bb5 Bd8 19.e5 dxe5 20.d6 Qb6 21.Bxd7+ Nxd7 22.Rxf7 Rgf8
23.Rxf8 Rxf8 24.Nf5 Kb8 25.Qf3 c4+ 26.Kh1 Qc5 27.Qh3 Nf6 28.Re1 e4 29.Nxg7 Nd5
30.Ne6 Qxd6 31.Nxf8 Nxc3 32.bxc3 Qd2 33.Qe3 Qd6  1-0

[Event "MSS-ch"]
[Site "CZE"]
[Date "1997.??.??"]
[Round "?"]
[White "Dittrich, Pavel"]
[Black "Fojtik, V."]
[Result "1/2-1/2"]
[WhiteElo "1760"]
[BlackElo "2130"]

1.d4 Nf6 2.Bg5 Ne4 3.Bf4 d5 4.Nd2 Nf6 5.Ngf3 Bf5 6.c4 e6 7.e3 c6 8.Qb3 Qc8
9.cxd5 exd5 10.Bd3 Be6 11.O-O Ne4 12.Qc2 f5 13.Ng5 Nxg5 14.Bxg5 Bd6 15.Bh4 O-O
16.Bg3 Bxg3 17.fxg3 h6 18.Rf2 Qe8 19.Re1 Qh5 20.Ref1 Qg5 21.Nf3 Qg4 22.Ne5 Qg5
23.Bxf5 Bxf5 24.Rxf5 Qxe3+ 25.Kh1 Na6 26.Rxf8+ Rxf8  1/2-1/2

[Event "MSS-ch"]
[Site "CZE"]
[Date "1997.??.??"]
[Round "?"]
[White "Eidelson, Rakhil"]
[Black "Safranska, Anda"]
[Result "0-1"]
[WhiteElo "2280"]
[BlackElo "2305"]

1.d4 Nf6 2.Bg5 Ne4 3.Bh4 g6 4.f3 Nd6 5.e4 Bg7 6.c3 O-O 7.Bd3 Ne8 8.Ne2 d6
9.O-O c5 10.d5 Nf6 11.Nd2 Qc7 12.a4 b6 13.Nc4 Nbd7 14.f4 Bb7 15.Ng3 a6 16.Nd2 e6
17.dxe6 fxe6 18.Be2 Kh8 19.Qc2 Rae8 20.Rae1 Ng8 21.f5 Ne5 22.Bg5 Nf6 23.Bf4 Nfd7
24.Nc4 exf5 25.exf5 Qc6 26.Ne3 d5 27.Rd1 Nf6 28.Bxe5 Rxe5 29.Ng4 Nxg4 30.Bxg4 Bc8
31.Bf3 Bxf5 32.Nxf5 Rexf5 33.c4 Bd4+ 34.Kh1 Qd6 35.cxd5 Qxd5 36.Qe2 Qb3 37.Qxa6 R5f6
38.Rb1 Qc2 39.Rbe1 Qxb2 40.Re7 R6f7 41.Rxf7 Rxf7 42.Qc4 Kg7 43.h3 Qd2 44.Qe6 Qg5
45.Re1 Qf6 46.Qe8 Bf2 47.Rf1 Bg3 48.Qe4 Bc7 49.Rd1 Re7 50.Qc2 Qf4 51.Kg1 Qh2+
52.Kf1 Bg3  0-1

[Event "CZE-chT 9697"]
[Site "CZE"]
[Date "1997.??.??"]
[Round "6"]
[White "Jirovsky, Pavel"]
[Black "Jirovsky, Petr"]
[Result "1/2-1/2"]
[WhiteElo "2360"]
[BlackElo "2300"]

1.d4 Nf6 2.Bg5 Ne4 3.h4 d5 4.Nd2 Nxd2 5.Qxd2 h6 6.Bf4 Bf5 7.e3 e6 8.Bd3 Bxd3
9.Qxd3 c6 10.Ne2 Be7 11.h5 Qa5+ 12.c3 Nd7 13.f3 c5 14.g4 Qb6 15.Kf2 Bd6 16.b3 O-O-O
17.c4 Bxf4 18.Nxf4 dxc4 19.Qxc4 Kb8 20.d5 e5 21.Ne2 Nf6 22.e4 Ne8 23.Qc3 f6
24.Qe3 Nd6 25.Nc3 Rc8 26.Rhc1 Qa5 27.a3 b6 28.Kg3 Rc7 29.Ne2 Rhc8 30.Qc3 Qb5
31.Qe3 Qe8 32.Nc3 g6 33.Qxh6 gxh5 34.Qxh5 Qg8 35.Rh1 Rg7 36.Kf2 Rcc7 37.Qh4 Qf7
38.Rh2 b5 39.a4 b4 40.Ne2 c4 41.bxc4 Rxc4 42.Qh8+ Rc8 43.Qh5 Qc7 44.Rhh1 Qb6+
45.Kg2 Qe3 46.Rae1 Rg5 47.Qh4 Nxe4 48.Nc3 Qxc3 49.Rxe4  1/2-1/2

[Event "CZE-chT 9697"]
[Site "CZE"]
[Date "1997.??.??"]
[Round "9"]
[White "Tichy, Vladimir"]
[Black "Gross, David"]
[Result "1/2-1/2"]
[WhiteElo "2360"]
[BlackElo "2360"]

1.d4 Nf6 2.Bg5 Ne4 3.Bf4 c5 4.f3 Qa5+ 5.c3 Nf6 6.d5 d6 7.e4 g6 8.Nd2 Qc7
9.Bd3 Bg7 10.Ne2 Nbd7 11.a4 Nh5 12.Be3 Ne5 13.Bb5+ Bd7 14.O-O O-O 15.Bxd7 Qxd7
16.h3 f5 17.f4 Bh6 18.Qc2 Rae8 19.exf5 gxf5 20.Nf3 Ng6 21.Qd2 e5 22.fxe5 f4
23.e6 fxe3 24.exd7 exd2 25.dxe8=Q Rxe8 26.Rf2 Be3 27.Rd1 Ne5 28.Nxe5 Rxe5
29.Kf1 Bxf2 30.Kxf2 Nf6 31.c4 Ne4+ 32.Kf3  1/2-1/2

[Event "CZE-chT 9697"]
[Site "CZE"]
[Date "1997.??.??"]
[Round "10"]
[White "Pisk, Petr"]
[Black "Voloshin, Leonid"]
[Result "0-1"]
[WhiteElo "2305"]
[BlackElo "2430"]

1.d4 Nf6 2.Bg5 Ne4 3.Bf4 c5 4.f3 Nf6 5.d5 Qb6 6.Nc3 Qxb2 7.Bd2 Qb6 8.e4 d6
9.f4 g6 10.Nf3 Bg7 11.e5 dxe5 12.fxe5 Ng4 13.Rb1 Qd8 14.Bb5+ Kf8 15.O-O Nxe5
16.Nxe5 Bxe5 17.Qf3 f5 18.Rbe1 Bd4+ 19.Kh1 Nd7 20.Bh6+ Bg7 21.Qe3 Nf6 22.Bxg7+ Kxg7
23.Qxe7+ Qxe7 24.Rxe7+ Kh6 25.d6 Rd8 26.Rd1 Bd7 27.Bxd7 Rxd7 28.Rxd7 Nxd7
29.Re1 Rd8 30.Re7 Nf6 31.Rxb7 Rxd6 32.Rxa7 Rd2 33.h3 Rxc2 34.Ra6 Kg5 35.Nb5 Nd5
36.Na3 Rxa2 37.Ra5 Nf4  0-1

[Event "BCF-chT 96/97"]
[Site "England"]
[Date "1997.??.??"]
[Round "5"]
[White "Collier, David"]
[Black "Abayasekera, Roger"]
[Result "1-0"]
[WhiteElo "2225"]
[BlackElo "2255"]

1.d4 Nf6 2.Bg5 Ne4 3.Bf4 c5 4.f3 Qa5+ 5.c3 Nf6 6.d5 d6 7.e4 g6 8.Na3 Bg7
9.Qd2 O-O 10.Bh6 Qd8 11.O-O-O Na6 12.h4 Nc7 13.h5 Qe8 14.Ne2 e5 15.g4 Qe7
16.Ng3 Rb8 17.Nc4 Nfe8 18.Bxg7 Kxg7 19.Be2 g5 20.Ne3 Kh8 21.h6 Rg8 22.Nef5 Bxf5
23.Nxf5 Qd8 24.Rh5 Rg6 25.Kc2 Nf6 26.Rh2 Ng8 27.Qe3 Ne7 28.Rh5 Nxf5 29.gxf5 Rg8
30.Rg1 f6 31.Kd2 Qe8 32.Rhh1 Qa4 33.Ra1 b5 34.Rhb1 Qa5 35.b4 Qb6 36.bxc5 dxc5
37.a4 a6 38.Ke1 Rgd8 39.axb5 axb5 40.Bxb5 Nxb5 41.c4 Ra8 42.Rxa8 Rxa8 43.Rxb5 Qa7
44.Qb3 Qa1+ 45.Qb1 Qc3+ 46.Kf2 Qd2+ 47.Kf1 Rg8 48.Rb8 Qe3 49.Rxg8+ Kxg8 50.Qb8+ Kf7
51.Qc7+ Ke8 52.Qc8+ Ke7 53.Qe6+ Kd8 54.Qxf6+ Kc8 55.Qh8+ Kb7 56.Qxe5 Qxf3+
57.Kg1 Qe3+ 58.Kf1 Qf3+ 59.Ke1 Qe3+ 60.Kd1 Qd3+ 61.Kc1 Qxc4+ 62.Kd2 Qa2+
63.Ke3 Qb3+ 64.Kf2 Qc2+ 65.Kg3 Qc1 66.Kg4 c4 67.f6 c3 68.f7 c2 69.Qe7+ Ka6
70.Qd6+ Ka5 71.Qc5+ Ka6 72.f8=Q Qd1+ 73.Kf5 Qf3+ 74.Kxg5 c1=Q+ 75.Qxc1 Qxf8
76.Qa1+ Kb5 77.Qf6 Qg8+ 78.Kf4 Qg2 79.Qc6+ Ka5 80.e5 Qh2+ 81.Kf5 Qh5+ 82.Ke6 Qxh6+
83.Kd7 Qg7+ 84.Kc8 Qf8+ 85.Kb7 Qb4+ 86.Ka7 Qe7+ 87.Kb8 Qf8+ 88.Kc7 Qe7+ 89.Qd7 Qxe5+
90.Kc8 h5 91.d6 Qd5 92.Qa7+ Kb5 93.Qb7+  1-0

[Event "BCF-chT 96/97"]
[Site "England"]
[Date "1997.??.??"]
[Round "7"]
[White "Kinsman, Andrew PH"]
[Black "Rossiter, Philip J"]
[Result "1-0"]
[WhiteElo "2400"]
[BlackElo "2370"]

1.d4 Nf6 2.Bg5 Ne4 3.Bf4 d5 4.e3 Nd7 5.Nd2 Ndf6 6.Nxe4 Nxe4 7.Bd3 Nf6 8.h3 e6
9.Nf3 Bd6 10.Ne5 Qe7 11.O-O Nd7 12.e4 dxe4 13.Bxe4 O-O 14.c3 Rb8 15.Bc2 Rd8
16.Qd3 Nf8 17.Qg3 f6 18.Nd3 b6 19.Rfe1 Bb7 20.Bb3 Qf7 21.Re3 Bd5 22.c4 Bb7
23.Rae1 Bc8 24.c5 Bxf4 25.Nxf4 bxc5 26.dxc5 Re8 27.Nd5 Rxb3 28.axb3 e5 29.Rd1 Ne6
30.b4 Bb7 31.Nc3 Nd4 32.Red3 Qc4 33.Qe3 Nf5 34.Qd2 Nd4 35.Rxd4 exd4 36.Qxd4 Qf7
37.b5 c6 38.b6 axb6 39.cxb6 c5 40.Qxc5 Qg6 41.Nd5 Qe4 42.Ne3 Kh8 43.Qc7 h6
44.Rd7 Rc8 45.Qxb7 Rc1+ 46.Kh2 Qf4+ 47.g3 Qxf2+ 48.Qg2 Qxe3 49.Rd8+ Kh7 50.b7  1-0

[Event "BCF-chT 96/97"]
[Site "England"]
[Date "1997.??.??"]
[Round "8"]
[White "Dishman, Stephen"]
[Black "Hanreck, Alan E"]
[Result "1-0"]
[WhiteElo "2300"]
[BlackElo "2275"]

1.d4 Nf6 2.Bg5 Ne4 3.Bf4 d6 4.Nd2 Bf5 5.Ngf3 Nd7 6.e3 e6 7.Bd3 d5 8.Ne5 Nxe5
9.Bxe5 Nxd2 10.Qxd2 f6 11.Bxf5 exf5 12.Bg3 h5 13.h4 Bd6 14.Rh3 g6 15.O-O-O Qd7
16.Qd3 Rg8 17.Qb3 Bxg3 18.Qxb7 Kf7 19.Rxg3 a5 20.e4 fxe4 21.Rc3 Rac8 22.Rc5 Rgd8
23.Rxa5 c6 24.Ra7 Qxb7 25.Rxb7+ Ke6 26.b4 Rb8 27.Rxb8 Rxb8 28.c3 f5 29.f4 Kd7
30.Re1 Kc7 31.Kc2 Kb6 32.Kb3 Ra8 33.a4 Ra7 34.Ra1 Rd7 35.c4 Rd8 36.Rc1 Re8
37.Re1 Re7 38.Re3 Re6 39.Kc3 Kb7 40.Kd2 Re8 41.cxd5 cxd5 42.Rc3 Re6 43.Rc5 Rd6
44.Kc3 Kb6 45.a5+ Ka6 46.Kd2 Kb7 47.b5 Kb8 48.Kc3 Kb7 49.b6 Rd7 50.Kb4 e3
51.Kb5 e2 52.a6+ Kb8 53.a7+ Kb7 54.Rc8  1-0

[Event "BCF-chT 96/97"]
[Site "England"]
[Date "1997.??.??"]
[Round "8"]
[White "Povah, Nigel E"]
[Black "Tebb, David"]
[Result "0-1"]
[WhiteElo "2375"]
[BlackElo "2320"]

1.d4 Nf6 2.Bg5 Ne4 3.Bf4 c5 4.d5 Qb6 5.Nd2 Qxb2 6.Nxe4 Qb4+ 7.Qd2 Qxe4 8.e3 Qb4
9.c3 Qa5 10.e4 d6 11.Bd3 g6 12.Ne2 Nd7 13.Bh6 Bxh6 14.Qxh6 Ne5 15.Bc2 Bd7
16.O-O Bb5 17.Qd2 O-O 18.Rfe1 Nc4 19.Qc1 e6 20.dxe6 fxe6 21.Bb3 Qd8 22.a4 Ba6
23.Nf4 Qf6 24.Nh3 Ne5 25.Re3 Bc4 26.Bd1 Rae8 27.Qd2 d5 28.f4 Nc6 29.Bc2 d4
30.Rf3 Rd8 31.e5 Qg7 32.Re1 Qd7 33.Ng5 dxc3 34.Qxd7 Rxd7 35.Rxc3 Bd5 36.g3 Nd4
37.Be4 h6 38.Nh3 Bxe4 39.Rxe4 b6 40.Nf2 Kg7 41.Re1 Nc6 42.Ne4 Rd4 43.Ra3 Na5
44.Nd6 Rd8 45.Rc1 Rd2 46.Rf1 Kf8 47.Rf2 Rxf2 48.Kxf2 Nc6 49.h4 Rb8 50.Kf3 a6
51.Rc3 Nd4+ 52.Ke4 Nf5 53.g4 Nxd6+ 54.exd6 Ke8 55.Ke5 Kd7 56.f5 exf5 57.gxf5 gxf5
58.Kd5 f4 59.Rc1 Rf8 60.Re1 Rf5+  0-1

[Event "FRA-chT9697 groupe A"]
[Site "France"]
[Date "1997.??.??"]
[Round "2"]
[White "Eliet, Nicolas"]
[Black "Rocher, Oliver"]
[Result "1-0"]
[WhiteElo "2380"]
[BlackElo "2215"]

1.d4 Nf6 2.Bg5 Ne4 3.Bh4 g5 4.f3 gxh4 5.fxe4 c5 6.e3 Qb6 7.Nc3 e6 8.Nf3 Bh6
9.Ne5 cxd4 10.Nc4 Qc5 11.exd4 Qg5 12.d5 O-O 13.Qf3 b5 14.Nxb5 Ba6 15.a4 exd5
16.exd5 Rc8 17.Rd1 Bxb5 18.axb5 Qe7+ 19.Qe2 Qf8 20.Qg4+ Kh8 21.Be2 Qc5 22.Qd4+ Qxd4
23.Rxd4 Bg7 24.Rxh4 d6 25.O-O Kg8 26.Bd3 h6 27.b6 Rxc4  1-0

[Event "FRA-chT9697 groupe A"]
[Site "France"]
[Date "1997.??.??"]
[Round "3"]
[White "Letreguilly, Olivier"]
[Black "Vallet, Marc"]
[Result "1-0"]
[WhiteElo "2265"]
[BlackElo "2225"]

1.d4 Nf6 2.Bg5 Ne4 3.Bh4 d5 4.f3 Nd6 5.Nc3 c5 6.e4 cxd4 7.Nxd5 Nc6 8.Ne2 Qa5+
9.Qd2 Qxd2+ 10.Kxd2 Kd8 11.Rd1 f6 12.Bf2 e6 13.Ndf4 e5 14.Nd5 Be6 15.c3 Bxd5
16.exd5 dxc3+ 17.Nxc3 Nb8 18.Bd3 Nd7 19.Rc1 g6 20.Be3 f5 21.g4 a6 22.Na4 Rc8
23.Rxc8+ Kxc8 24.Rc1+ Kb8 25.gxf5 Nxf5 26.Bxf5 gxf5 27.Rg1 Nf6 28.Nb6 f4
29.Bf2 e4 30.Bd4 Bb4+ 31.Ke2 exf3+ 32.Kxf3 Rg8 33.Nd7+ Nxd7 34.Rxg8+ Kc7
35.Rg7 Kd6 36.Rxh7  1-0

[Event "FRA-chT9697 groupe B"]
[Site "France"]
[Date "1997.??.??"]
[Round "6"]
[White "Gallagher, Joseph G"]
[Black "Hebden, Mark"]
[Result "0-1"]
[WhiteElo "2545"]
[BlackElo "2515"]

1.d4 Nf6 2.Bg5 Ne4 3.Bf4 c5 4.f3 Qa5+ 5.c3 Nf6 6.d5 Qb6 7.Bc1 e6 8.c4 Bd6
9.Nc3 a6 10.e4 Qc7 11.Nge2 b5 12.cxb5 exd5 13.Nxd5 Nxd5 14.Qxd5 Bb7 15.Qg5 O-O
16.Ng3 Qd8 17.Qxd8 Rxd8 18.Bg5 f6 19.Be3 axb5 20.Bxb5 Ba6 21.Bxa6 Nxa6 22.O-O Nb4
23.Nf5 Bf8 24.a3 Nd3 25.b4 d5 26.bxc5 dxe4 27.fxe4 Nxc5 28.Ng3 Rd3 29.Bf2 Raxa3
30.Rxa3 Rxa3 31.Rd1 Nd3 32.Bd4 Nf4 33.Kf1 Ra2 34.Bf2 g6 35.Rb1 Bd6 36.Rd1 Be5
37.Kg1 h5 38.Nf1 Ne2+ 39.Kh1 Nc3 40.Rd8+ Kf7 41.Bg1 Ra1 42.Ne3 h4 43.Rd3 Rc1
44.g3 h3 45.Rd2 Ke6 46.Nc2 Nxe4 47.Re2 Ng5 48.Ne1 Rd1 49.Bf2 Kf5 50.Re3 Bd4
51.Rd3 Ne4 52.Rf3+ Ke5 53.Bxd4+ Kxd4 54.Rf1 Kd5 55.Kg1 Nd2  0-1

[Event "Frydek-Mistek (Women)"]
[Site "Frydek-Mistek"]
[Date "1997.??.??"]
[Round "?"]
[White "Eidelson, Rakhil"]
[Black "Malashenko, Alyona"]
[Result "1-0"]
[WhiteElo "2280"]
[BlackElo "2250"]

1.d4 Nf6 2.Bg5 Ne4 3.Bh4 d5 4.f3 Nd6 5.Nc3 Nc4 6.Qc1 Nc6 7.e4 Nb6 8.Bb5 dxe4
9.fxe4 Qxd4 10.Nf3 Qc5 11.Bf2 Qh5 12.Bxb6 cxb6 13.Nd5 Kd8 14.Qd2 Bd7 15.O-O-O Kc8
16.Nf4  1-0

[Event "Frydek-Mistek op-B"]
[Site "Frydek-Mistek"]
[Date "1997.??.??"]
[Round "4"]
[White "Drozdov, Alexandre"]
[Black "Turecki, Piotr"]
[Result "1-0"]
[WhiteElo "2250"]
[BlackElo "2095"]

1.d4 Nf6 2.Bg5 Ne4 3.Bf4 g5 4.Be5 f6 5.e3 Bg7 6.Qh5+ Kf8 7.Bg3 d5 8.Bd3 Bf5
9.f4 Bg6 10.Qe2 Nc6 11.Bxe4 dxe4 12.fxg5 e5 13.gxf6 Bxf6 14.dxe5 Nxe5 15.Nc3 c6
16.Nh3 Kg7 17.Nf2 Qb6 18.O-O Rhe8 19.Nfxe4 Nd7 20.Rad1 Rad8 21.Rxd7+ Rxd7
22.Nxf6  1-0

[Event "Frydek-Mistek op-A"]
[Site "Frydek-Mistek"]
[Date "1997.??.??"]
[Round "9"]
[White "Jirovsky, Pavel"]
[Black "Rogovski, Vladimir"]
[Result "1-0"]
[WhiteElo "2360"]
[BlackElo "2455"]

1.d4 Nf6 2.Bg5 Ne4 3.h4 Nxg5 4.hxg5 d5 5.e3 g6 6.Nc3 Bg7 7.Qf3 e6 8.Qg3 a6
9.Nf3 c5 10.Rh4 cxd4 11.exd4 Nc6 12.O-O-O h5 13.gxh6 Rxh6 14.Rxh6 Bxh6+ 15.Kb1 Bd7
16.Bd3 Bg7 17.Bxg6 fxg6 18.Qxg6+ Kf8 19.Ng5 Qe7 20.Rd3 Nxd4 21.Rxd4 Bxd4
22.Nh7+ Qxh7 23.Qxh7 Bg7 24.Ne2 Kf7 25.Nf4 Rh8 26.Qg6+ Kf8 27.Nh5 Bd4 28.g4 Ke7
29.c3  1-0

[Event "Gent op"]
[Site "Gent"]
[Date "1997.??.??"]
[Round "3"]
[White "Eliet, Nicolas"]
[Black "Werbeck, Torsten"]
[Result "1-0"]
[WhiteElo "2350"]
[BlackElo "2265"]

1.d4 Nf6 2.Bg5 Ne4 3.Bh4 c5 4.f3 Qa5+ 5.c3 Nf6 6.dxc5 Qxc5 7.Bf2 Qc7 8.e4 d5
9.exd5 Qe5+ 10.Ne2 Qxd5 11.Qxd5 Nxd5 12.Nd4 e6 13.Nd2 Be7 14.Bc4 Bd7 15.Nb5 Bxb5
16.Bxb5+ Kf8 17.g3 Nc7 18.Be2 Nc6 19.O-O-O g6 20.Ne4 Kg7 21.Rd7 Rhc8 22.Rhd1 Kf8
23.Kb1 Rab8 24.c4 Ne8 25.Be3 Nf6 26.Rxe7 Nxe4 27.Red7 Nf6 28.R7d2 Ke8 29.b3 Rd8
30.Rxd8+ Rxd8 31.Rxd8+ Kxd8 32.Kb2 Kd7 33.Kc3 Ne8 34.b4 a6 35.a4 Nd6 36.Bb6 Nc8
37.Bc5 f6 38.b5 Nd8 39.f4 Nf7 40.Bf3 axb5 41.axb5 b6 42.Be3 e5 43.Bd5 exf4
44.Bxf4 Ne5 45.Kd4 Kd6 46.h4 Ne7 47.g4 h5 48.g5 Nf5+ 49.Ke4 Kc5 50.gxf6 Nd7
51.Bg5 Nd6+ 52.Kf4 Nxb5 53.f7 Kd6  1-0

[Event "BL2-O9697"]
[Site "Germany"]
[Date "1997.??.??"]
[Round "?.5"]
[White "Lukasiewicz, Grzegorz"]
[Black "Jahn, Constanze"]
[Result "1-0"]
[WhiteElo "2390"]
[BlackElo "2230"]

1.d4 Nf6 2.Bg5 Ne4 3.Bf4 d5 4.e3 c5 5.c3 Qb6 6.Qb3 c4 7.Qxb6 axb6 8.f3 Nf6
9.Na3 Bd7 10.e4 e6 11.Nc2 b5 12.e5 Ng8 13.Nh3 Ne7 14.Nf2 Nec6 15.Be2 b4 16.O-O b5
17.Bd2 Na6 18.Ng4 Be7 19.a3 bxc3 20.Bxc3 O-O 21.f4 b4 22.axb4 Naxb4 23.Nce3 Na5
24.f5 Nb3 25.Rxa8 Rxa8 26.f6 Bf8 27.fxg7 Kxg7 28.Nf6 Bb5 29.Rf3 Be7 30.Rg3+ Kh8
31.Neg4 Bxf6 32.Nxf6 Nc2 33.Rh3 Ra1+ 34.Kf2 Kg7 35.Rxh7+ Kf8 36.Bh5 Ra7 37.Rh8+ Ke7
38.Bxf7 Nbxd4 39.Bg6 Ra4 40.Rh4 Ra2 41.Rh8 Bc6 42.Rb8 Nf5 43.Bd2 d4 44.Bg5 Ba4
45.Nd5+  1-0

[Event "BL9798 (Women)"]
[Site "Germany"]
[Date "1997.??.??"]
[Round "?.1"]
[White "Olbrich, Marina"]
[Black "Dworakowska, Joanna"]
[Result "1-0"]
[WhiteElo "2305"]
[BlackElo "2305"]

1.d4 Nf6 2.Bg5 Ne4 3.Bh4 g5 4.Qd3 d5 5.f3 gxh4 6.fxe4 dxe4 7.Qxe4 e6 8.Nf3 Be7
9.Nc3 Nd7 10.O-O-O c6 11.Kb1 a5 12.Qf4 a4 13.a3 Qa5 14.Ne4 Ra6 15.Nfd2 O-O
16.e3 Ra8 17.Bd3 Qf5 18.Qh6 Qg6 19.Nf6+ Nxf6 20.Bxg6 hxg6 21.Qxh4 b5 22.Ne4 Nxe4
23.Qxe7 Nf2 24.Qf6 Nxd1 25.Rxd1 Ba6 26.Rf1 b4 27.Rf3 Be2 28.Rh3 Bh5 29.g4 Ra5
30.axb4 Rb5 31.gxh5 Rf5 32.Qe7 g5 33.Rg3 Rf1+ 34.Ka2 f6 35.h6  1-0

[Event "Bundesliga 9798"]
[Site "Germany"]
[Date "1997.??.??"]
[Round "?.7"]
[White "Helbig, Uwe"]
[Black "Thiel, Thomas"]
[Result "0-1"]
[WhiteElo "2240"]
[BlackElo "2345"]

1.d4 Nf6 2.Bg5 Ne4 3.Bf4 c5 4.d5 Qb6 5.Bc1 g6 6.f3 Nd6 7.Nc3 Bg7 8.e3 O-O
9.Nh3 Nf5 10.g4 Nxe3 11.Bxe3 Qxb2 12.Nb5 a6 13.Rb1 Qe5 14.Kf2 axb5 15.Rxb5 d6
16.Bc4 f5 17.gxf5 Bxf5 18.Ng5 Ra4 19.Qe2 Bc8 20.h4 Bh6 21.Rbb1 Bg4 22.Rbg1 Bxg5
23.Rxg4 Bxe3+ 24.Qxe3 Qxe3+ 25.Kxe3 Nd7 26.Re4 Nf6 27.Rf4 b5 28.Bb3 Rxf4  0-1

[Event "Bundesliga 9798"]
[Site "Germany"]
[Date "1997.??.??"]
[Round "?.6"]
[White "Schmidt, Peter"]
[Black "Vogt, Lothar"]
[Result "1/2-1/2"]
[WhiteElo "2410"]
[BlackElo "2515"]

1.d4 Nf6 2.Bg5 Ne4 3.Bf4 d5 4.e3 Bf5 5.f3 Nf6 6.g4 Bg6 7.h4 h5 8.g5 Nfd7
9.c4 c6 10.Nc3 e6 11.Qb3 Qb6 12.c5 Qxb3 13.axb3 e5 14.Bg3 Be7 15.b4 f6 16.f4 exd4
17.exd4 Bf5 18.Kd2 Kf7 19.b5 Rd8 20.Nge2 cxb5 21.Bg2 Be4 22.g6+ Kf8 23.Nxe4 dxe4
24.Ke3 f5 25.Bh3 Nxc5 26.Bxf5 Nb3 27.Rad1 Nc6 28.Kxe4 Bf6 29.Bf2 Re8+ 30.Kf3 Rxe2
31.Kxe2 Nbxd4+ 32.Bxd4 Nxd4+ 33.Rxd4 Bxd4 34.Be4 Re8 35.Kf3 a5 36.Rd1 Bxb2
37.Rd7 Rb8 38.Rf7+ Ke8 39.Bd3 b4 40.Bb5+ Kd8 41.Ke4 b3 42.Kd3 Ba1 43.f5 Be5
44.Rd7+ Kc8 45.Re7 Bf6 46.Rf7 Be5 47.Re7 Ba1 48.Rf7 Be5 49.Re7 Bf6  1/2-1/2

[Event "Bundesliga 9798"]
[Site "Germany"]
[Date "1997.??.??"]
[Round "?.2"]
[White "Muse, Mladen"]
[Black "Khalifman, Alexander"]
[Result "1/2-1/2"]
[WhiteElo "2460"]
[BlackElo "2655"]

1.d4 Nf6 2.Bg5 Ne4 3.Bf4 c5 4.f3 Qa5+ 5.c3 Nf6 6.Nd2 cxd4 7.Nb3 Qb6 8.Qxd4 Nc6
9.Qxb6 axb6 10.a3 e5 11.Be3 b5 12.Bf2 d5 13.e3 Na7 14.f4 e4 15.Ne2 Bd7 16.Ned4 h5
17.Bh4 Ng4 18.Kd2 Be7 19.Bxe7 Kxe7 20.Nc5 Bc6 21.Be2 g6 22.h3 Nf6 23.g4 Kd6
24.b4 hxg4 25.hxg4 Nd7 26.Nxd7 Bxd7 27.g5 Ke7 28.Kc2 Rxh1 29.Rxh1 Nc8 30.Kb3 Nd6
31.Rh7 Rg8 32.Kb2 Rf8 33.Kb3 Rg8 34.Kb2  1/2-1/2

[Event "Landesliga Nord 9697 Bayern"]
[Site "Germany"]
[Date "1997.??.??"]
[Round "?"]
[White "Stiller, Juergen"]
[Black "Seibold, Hubert"]
[Result "0-1"]
[WhiteElo "2155"]
[BlackElo "2210"]

1.d4 Nf6 2.Bg5 Ne4 3.Bf4 d5 4.f3 Nf6 5.e4 e6 6.Bd3 c5 7.Bxb8 Rxb8 8.e5 Nd7
9.Bb5 Qb6 10.Bxd7+ Bxd7 11.Ne2 Qxb2 12.Nbc3 Qb4 13.Qd2 cxd4 14.Nxd4 Rc8 15.Nce2 Qxd2+
16.Kxd2 Rc4 17.f4 Bb4+ 18.Kd3 b6 19.g4 f6 20.c3 Bc5 21.Rhf1 fxe5 22.fxe5 Rf8
23.Rxf8+ Kxf8 24.Rf1+ Ke7 25.h4 Ra4 26.Ra1 Bc8 27.Nc6+ Kd7 28.Ncd4 Ba6+  0-1

[Event "BL2-W9697"]
[Site "Germany"]
[Date "1997.??.??"]
[Round "?.6"]
[White "Treppner, Gerd"]
[Black "Kotter, Ralf"]
[Result "1-0"]
[WhiteElo "2320"]
[BlackElo "2300"]

1.d4 Nf6 2.Bg5 Ne4 3.Bf4 d5 4.f3 Nf6 5.Nc3 e6 6.e4 Bb4 7.a3 Bxc3+ 8.bxc3 dxe4
9.Bg5 h6 10.Bh4 Qd5 11.Bxf6 gxf6 12.Qd2 c5 13.Be2 cxd4 14.cxd4 Nc6 15.c3 Rg8
16.Kf2 e5 17.fxe4 Qxe4 18.Nf3 Qf5 19.Rhe1 Qg4 20.g3 e4 21.Kg1 Be6 22.d5 O-O-O
23.Nd4 Qh4 24.dxc6 Rxg3+ 25.Kh1 Bd5 26.Nf5 Qh3 27.Ne7+ Kc7 28.Qf4+  1-0

[Event "BL2-S9798"]
[Site "Germany"]
[Date "1997.??.??"]
[Round "?.8"]
[White "Bossert, Christian"]
[Black "Kratochwil, Christian"]
[Result "1/2-1/2"]
[WhiteElo "2160"]
[BlackElo "2250"]

1.d4 Nf6 2.Bg5 Ne4 3.Bf4 c5 4.f3 Nf6 5.d5 e6 6.Nc3 d6 7.e4 exd5 8.Nxd5 Nxd5
9.Qxd5 Nc6 10.Qd2 Be6 11.Rd1 Qb6 12.Qc3 O-O-O 13.Nh3 h6 14.Nf2 Rg8 15.Bc4 Be7
16.O-O g5 17.Bc1 Ne5 18.Bxe6+ fxe6 19.Qb3 Qxb3 20.axb3 Kc7 21.Nd3 Bf6 22.c3 Nxd3
23.Rxd3 Be5 24.f4 gxf4 25.Bxf4 Bxf4 26.Rxf4 Rg6 27.Kf2 Rdg8 28.g3 Kc6 29.Rdf3 R8g7
30.Rf7 Rxf7 31.Rxf7 d5 32.Ke3 a5 33.exd5+ exd5 34.Rf8 Re6+ 35.Kd3 b5 36.Rc8+ Kb6
37.Rb8+ Kc6 38.Rc8+ Kb6 39.Rg8 Kc6 40.h4 c4+ 41.bxc4 dxc4+ 42.Kd2 b4 43.h5 Kb5
44.cxb4 axb4 45.Rg6 Re5 46.Rxh6 Rg5 47.Rh8 Ka4 48.h6 Kb3 49.h7 Rh5 50.g4 Rh2+
51.Ke3 Kxb2 52.g5 c3 53.g6 c2 54.Rc8 Rh3+ 55.Kf2 Rc3 56.Rxc3 bxc3 57.h8=Q c1=Q
58.Qb8+ Ka1 59.Qa7+ Kb1 60.g7 Qf4+ 61.Kg2 Qg4+ 62.Kf2 Qf4+ 63.Kg2 Qg4+ 64.Kf2 Qf4+
65.Kg2 Qg4+ 66.Kf2 Qf4+ 67.Kg2 Qg4+  1/2-1/2

[Event "BL2-S9697"]
[Site "Germany"]
[Date "1997.??.??"]
[Round "?.8"]
[White "Hauke, Christian"]
[Black "Appel, Helmut"]
[Result "1-0"]
[WhiteElo "2190"]
[BlackElo "2050"]

1.d4 Nf6 2.Bg5 Ne4 3.Bf4 d5 4.f3 Nf6 5.e4 dxe4 6.Nc3 Nd5 7.Nxd5 Qxd5 8.Bxc7 Nc6
9.c3 Bf5 10.Qb3 Qd7 11.Bf4 e6 12.Rd1 Rd8 13.Be2 Be7 14.fxe4 Bxe4 15.Nf3 Bd5
16.Qc2 O-O 17.O-O Rc8 18.Qb1 Qd8 19.Bd3 f5 20.Ne5 Qa5 21.Nc4 Qd8 22.Ne3 g5
23.Bg3 Bf6 24.Rde1 Ne7 25.Kh1 b5 26.Nxd5 Qxd5 27.Be5 Ng6 28.Bg3 Kg7 29.Qd1 a6
30.Qe2 Rce8 31.c4 bxc4 32.Bxc4 Qxd4 33.Rd1 Qxb2 34.Rd7+ Kh6 35.Qh5+ Kxh5
36.Rxh7+ Kg4 37.h3+  1-0

[Event "Oberliga Ost B9798"]
[Site "Germany"]
[Date "1997.??.??"]
[Round "?.1"]
[White "Vidoniak, Roman"]
[Black "Grabarczyk, Miroslaw"]
[Result "1/2-1/2"]
[WhiteElo "2415"]
[BlackElo "2480"]

1.d4 Nf6 2.Bg5 Ne4 3.Bf4 c5 4.f3 Qa5+ 5.c3 Nf6 6.Nd2 cxd4 7.Nb3 Qb6 8.Qxd4 Nc6
9.Qxb6 axb6 10.e4 d5 11.Nd2 e5 12.Be3 Bc5 13.Bxc5 bxc5 14.exd5 Nxd5 15.Bb5 Bd7
16.Ne2 Nce7 17.Bxd7+ Kxd7 18.Kf2 f6 19.Rhd1 Kc6 20.a4 Rhd8 21.b3 Nf5 22.Nc4 Nb6
23.Ng3 Nxg3  1/2-1/2

[Event "Ruhr-ch Seniors 4th"]
[Site "Germany"]
[Date "1997.??.??"]
[Round "4"]
[White "Biermann, Klaus"]
[Black "Bleul, Peter"]
[Result "1-0"]
[WhiteElo "2015"]
[BlackElo "1985"]

1.d4 Nf6 2.Bg5 Ne4 3.Bf4 d6 4.f3 Nf6 5.e4 c5 6.d5 g6 7.c4 Bg7 8.Nc3 O-O 9.Qd2 a6
10.a4 Qa5 11.Bd3 b5 12.cxb5 axb5 13.Nxb5 Qxd2+ 14.Bxd2 Na6 15.Rb1 Bd7 16.b3 Rfb8
17.Ne2 Ne8 18.O-O Nac7 19.Nxc7 Nxc7 20.Rfc1 Na6 21.Bc4 Nc7 22.Bc3 Bxc3 23.Nxc3 Bc8
24.Kf2 Ba6 25.Bxa6 Rxa6 26.Rc2 Rab6 27.Rcb2 Rb4 28.Na2 R4b6 29.b4 cxb4 30.Rxb4 Rxb4
31.Rxb4 Ra8 32.Nc3 Na6 33.Rc4 Nc5 34.Ke3 Rb8 35.h4 h5 36.g4 hxg4 37.fxg4 Rb3
38.Ke2 Rb2+ 39.Kd1 Rh2 40.e5 Rxh4 41.exd6 exd6 42.Nb5 Rh1+ 43.Kc2 Rh2+ 44.Kc3 Rh3+
45.Kb4 Rb3+ 46.Ka5 Rd3 47.Nc3 f5 48.gxf5 gxf5 49.Kb4 f4 50.Rxf4 Nxa4 51.Kxa4 Rxc3
52.Rf6 Rc4+ 53.Kb3 Rc1 54.Rxd6 Kf7 55.Re6 Rc5 56.Re5 Rc1 57.Kb4  1-0

[Event "NRW-Liga I 9697"]
[Site "Germany"]
[Date "1997.??.??"]
[Round "5.4"]
[White "Schuermann, Thomas"]
[Black "Begnis, Nikolaos"]
[Result "1-0"]
[WhiteElo "2255"]
[BlackElo "2285"]

1.d4 Nf6 2.Bg5 Ne4 3.Bf4 c5 4.f3 Qa5+ 5.c3 Nf6 6.Nd2 cxd4 7.Nb3 Qb6 8.Qxd4 Nc6
9.Qxb6 axb6 10.Be3 b5 11.a3 e5 12.O-O-O d6 13.Bg5 Be6 14.Nd2 Na5 15.e4 Nc4
16.Nxc4 bxc4 17.g3 Be7 18.Bh3 Nd7 19.Be3 h6 20.f4 Nf6 21.fxe5 dxe5 22.Bxe6 fxe6
23.Nf3 Ng4 24.Bg1 Rf8 25.Nd2 Bg5 26.Kc2 Nf2 27.Bxf2 Rxf2 28.h4 Be3 29.Rhf1 Bxd2
30.Rxf2 Be3 31.Re2 Bc5 32.Rf1 Ke7 33.g4 Rd8 34.Rd1 Rf8 35.Red2 Rf4 36.g5 hxg5
37.hxg5 Kf7 38.g6+ Kxg6 39.Rg2+ Kf6 40.Rd7 g5 41.Rxb7 Rxe4 42.a4 Rf4 43.a5 e4
44.a6 g4 45.a7 Bxa7 46.Rxa7 e3 47.Kd1  1-0

[Event "Karsten Kold op"]
[Site "Gistrup"]
[Date "1997.??.??"]
[Round "9"]
[White "Salmensuu, Olli"]
[Black "Kengis, Edvins"]
[Result "1/2-1/2"]
[WhiteElo "2380"]
[BlackElo "2590"]

1.d4 Nf6 2.Bg5 Ne4 3.Bf4 c5 4.f3 Qa5+ 5.c3 Nf6 6.d5 d6 7.e4 g6 8.Qd2 Nbd7
9.c4 Qxd2+ 10.Bxd2 Bg7 11.Nc3 O-O 12.O-O-O Ne8 13.Nge2 Nc7 14.a4 h5 15.b3 a6
16.Kc2 b6 17.Nc1 Ne5 18.h3 f5 19.f4 Nf7 20.Bd3 e5 21.dxe6 Bxe6 22.Nd5 Nxd5
23.exd5 Bd7 24.Rde1 Nh6 25.Re7 Rf7 26.Rhe1 Bf6 27.R7e3 Kf8 28.Bc3 Bxc3 29.Kxc3 Ng8
30.Ne2 b5 31.a5 Nf6 32.Ng1 bxc4 33.bxc4 Rb8 34.Rb1 Rxb1 35.Bxb1 Re7 36.Rxe7 Kxe7
37.Nf3 Ba4 38.Ng5 Bd7 39.Bc2 Ng8 40.Bd1 Nh6 41.Bf3 Nf7 42.Nxf7 Kxf7 43.h4  1/2-1/2